<?xml version="1.0" encoding="UTF-8"?><?xml-stylesheet type="text/xsl" href="static/style.xsl"?><OAI-PMH xmlns="http://www.openarchives.org/OAI/2.0/" xmlns:xsi="http://www.w3.org/2001/XMLSchema-instance" xsi:schemaLocation="http://www.openarchives.org/OAI/2.0/ http://www.openarchives.org/OAI/2.0/OAI-PMH.xsd"><responseDate>2026-04-13T01:06:38Z</responseDate><request verb="GetRecord" identifier="oai:www.recercat.cat:2117/331184" metadataPrefix="marc">https://recercat.cat/oai/request</request><GetRecord><record><header><identifier>oai:recercat.cat:2117/331184</identifier><datestamp>2025-07-22T21:24:36Z</datestamp><setSpec>com_2072_1033</setSpec><setSpec>col_2072_452951</setSpec></header><metadata><record xmlns="http://www.loc.gov/MARC21/slim" xmlns:dcterms="http://purl.org/dc/terms/" xmlns:xsi="http://www.w3.org/2001/XMLSchema-instance" xmlns:doc="http://www.lyncode.com/xoai" xsi:schemaLocation="http://www.loc.gov/MARC21/slim http://www.loc.gov/standards/marcxml/schema/MARC21slim.xsd">
   <leader>00925njm 22002777a 4500</leader>
   <datafield ind2=" " ind1=" " tag="042">
      <subfield code="a">dc</subfield>
   </datafield>
   <datafield ind2=" " ind1=" " tag="720">
      <subfield code="a">Carrera Palacios, Paula</subfield>
      <subfield code="e">author</subfield>
   </datafield>
   <datafield ind2=" " ind1=" " tag="260">
      <subfield code="c">2019-06-12</subfield>
   </datafield>
   <datafield ind2=" " ind1=" " tag="520">
      <subfield code="a">El presente trabajo de Fin de Grado, desarrolla una investigación que tiene como base la accesibilidad arquitectónica de los edificios públicos en general y la Biblioteca del Campus de la UPC de Terrassa en particular, para personas que tienen una discapacidad visual.Tras un previo desglose de conceptos para definir como son: las patologías de las personas con discapacidad visual, aspectos técnicos de la arquitectura accesible ycriterios técnicos para la edificación, se analizan los espacios exteriores e interiores para valorar como pueden afectar a este colectivo. Se explicitan las leyes y normas generales actuales que contemplan este tema en un marco legal, para la edificación y valoración del edificio. La Historia de la propia Biblioteca, nos permite ver su evolución arquitectónica y su evolución en el servicio a todos los usuarios. Las entrevistas a: Manel Martín (Presidente de la Asociación de Discapacitados visuales de Catalunya B1+ B2+B3), LLuisa Perona (Directora de la biblioteca), Carme Hervada (Docente de la ESIAAT), Daniel Guasch (Director de la cátedra Accesibilidad de la UPC), Didac Ferrer (miembro del gabinete del Servicio de Inclusión), así como varias visitas a la biblioteca con personas que padecen diferentes patologías, provocándoles una discapacidad visual, fueron esenciales para ver "in situ" los problemas de accesibilidad, que se platean en un edificio público.Queda patente que la accesibilidad, consiste en la calidad que las personas tienen interactuando con el entorno, lo cual permite la inclusión en muchos aspectos de su vida cotidiana, término reivindicativo, para reclamar el derecho a la igualdad de condiciones con el resto de personas o usuarios</subfield>
   </datafield>
   <datafield tag="653" ind2=" " ind1=" ">
      <subfield code="a">Àrees temàtiques de la UPC::Ciències de la visió::Aspectes socials</subfield>
   </datafield>
   <datafield tag="653" ind2=" " ind1=" ">
      <subfield code="a">Àrees temàtiques de la UPC::Arquitectura::Aspectes socials</subfield>
   </datafield>
   <datafield tag="653" ind2=" " ind1=" ">
      <subfield code="a">Eye diseases</subfield>
   </datafield>
   <datafield tag="653" ind2=" " ind1=" ">
      <subfield code="a">Public buildings -- Barrier-free design</subfield>
   </datafield>
   <datafield tag="653" ind2=" " ind1=" ">
      <subfield code="a">Library buildings</subfield>
   </datafield>
   <datafield tag="653" ind2=" " ind1=" ">
      <subfield code="a">Libraries and people with visual disabilities</subfield>
   </datafield>
   <datafield tag="653" ind2=" " ind1=" ">
      <subfield code="a">Ulls -- Malalties</subfield>
   </datafield>
   <datafield tag="653" ind2=" " ind1=" ">
      <subfield code="a">Edificis públics -- Supressió de barreres arquitectòniques</subfield>
   </datafield>
   <datafield tag="653" ind2=" " ind1=" ">
      <subfield code="a">Biblioteques (Edificis)</subfield>
   </datafield>
   <datafield tag="653" ind2=" " ind1=" ">
      <subfield code="a">Biblioteques universitàries -- Edificis</subfield>
   </datafield>
   <datafield tag="653" ind2=" " ind1=" ">
      <subfield code="a">Biblioteques i discapacitats visuals</subfield>
   </datafield>
   <datafield tag="653" ind2=" " ind1=" ">
      <subfield code="a">CampusLab</subfield>
   </datafield>
   <datafield ind2="0" ind1="0" tag="245">
      <subfield code="a">Estudi d'accessibilitat visual en un edifici d'us públic: Biblioteca del Campus de Terrassa</subfield>
   </datafield>
</record></metadata></record></GetRecord></OAI-PMH>